Los cuatro pilares de la educación: informe de la UNESCO de la Comisión Internacional sobre Educación para el siglo XXI / Ezequiel Ander Egg (Registro nro. 3791)

Detalles MARC
000 -LEADER
fixed length control field 00580nam a22001931a 4500
001 - CONTROL NUMBER
control field 3791
003 - CONTROL NUMBER IDENTIFIER
control field OSt
005 - DATE AND TIME OF LATEST TRANSACTION
control field 20260204211904.0
008 - FIXED-LENGTH DATA ELEMENTS--GENERAL INFORMATION
fixed length control field 050218s1997||||ag ||||||b||||||||||spa||
020 ## - NUMERO DE LIBRO INTERNACIONAL NORMALIZADO
International Standard Book Number 9505502273
050 ## - LIBRARY OF CONGRESS CALL NUMBER
Classification number 370 C891p
082 ## - DEWEY DECIMAL CLASSIFICATION NUMBER
Classification number 370 C891p
245 ## - TÍTULO PROPIAMENTE DICHO: SUBTÍTULO
Title Los cuatro pilares de la educación: informe de la UNESCO de la Comisión Internacional sobre Educación para el siglo XXI / Ezequiel Ander Egg
264 ## - PRODUCTION, PUBLICATION, DISTRIBUTION, MANUFACTURE, AND COPYRIGHT NOTICE
Place of production, publication, distribution, manufacture Argentina : Magisterio del Rio de la Plata
300 ## - PHYSICAL DESCRIPTION
Extensión 46 p
650 ## - ASIENTO SECUNDARIO DE MATERIA -- TERMINO TEMÁTICO
Termino Temático Como Elemento de Entrada 1.Educación
700 ## - ASIENTO SECUNDARIO -- NOMBRE PERSONAL
Personal name Ander - Egg, EzequielÌ
942 ## - ADDED ENTRY ELEMENTS (KOHA)
Source of classification or shelving scheme Dewey Decimal Classification
Koha item type Libros
Existencias
Withdrawn status Lost status Source of classification or shelving scheme Damaged status Not for loan Current library Date acquired Total Checkouts Full call number Barcode Date last seen Price effective from Koha item type
    Dewey Decimal Classification     Biblioteca UTECO 09/09/2019   370 C891P 008370 09/09/2019 09/09/2019 Libros
    Dewey Decimal Classification     Biblioteca UTECO 09/09/2019   370 C891P 006374 09/09/2019 09/09/2019 Libros
    Dewey Decimal Classification     Biblioteca UTECO 09/09/2019   370 C891P 006375 09/09/2019 09/09/2019 Libros
© 2021 Derechos Reservados UTECO - Teléfono: +1 809-585-2291 - Correo electrónico: biblioteca@uteco.edu.do​  
Código postal 43000 ​​
Dirección: Avenida Universitaria No. 100, 
Cotuí, Provincia Sánchez Ramírez, República Dominicana - RNC: 404-00059-6